Loading...
Fine Arts - Other Fine Arts | 0 | 2 | 0 | 1 | 20 | 137 | 143.00 | 0 | 0 |
Literature - World Literature | 0 | 2 | 0 | 0 | 20 | 86 | 100.50 | 0 | 0 |
Literature - American Literature | 0 | 1 | 0 | 0 | 10 | 133 | 133.00 | 0 | 0 |
Geography | 0 | 1 | 1 | 1 | 5 | 151 | 151.00 | 0 | 0 |
Beliefs | 1 | 0 | 3 | 0 | 0 | 78 | 78.00 | 1 | 1 |
Literature - British Literature | 0 | 0 | 0 | 0 | 0 | 0.00 | 0 | 0 | |
Science - Chemistry | 0 | 0 | 0 | 0 | 0 | 0.00 | 0 | 0 | |
History - US History | 0 | 0 | 1 | 0 | -5 | 0.00 | 0 | 0 | |
Fine Arts - Visual Fine Arts | 0 | 0 | 2 | 0 | -10 | 0.00 | 0 | 0 | |
Social Science | 0 | 0 | 2 | 0 | -10 | 0.00 | 0 | 0 | |
Philosophy | 0 | 0 | 4 | 0 | -20 | 0.00 | 0 | 0 |